000 00351nam a2200145Ia 4500
008 230711s9999||||xx |||||||||||||| ||und||
041 _aENG
082 _a621
_bDU-A
100 _aDuncan,Tom
245 0 _aAdventure with electronics
250 _a1st
260 _c1993
_aNew Delhi
_bBPB Publications
650 _aElectronics Engineering
942 _cBK
999 _c2597
_d2597